|
|
|
|
| LEADER |
00000nam0a2200000 4500 |
| 001 |
372351 |
| 005 |
20231102012452.0 |
| 035 |
|
|
|a (RuTPU)RU\TPU\retro\29774
|
| 035 |
|
|
|a RU\TPU\book\304626
|
| 090 |
|
|
|a 372351
|
| 100 |
|
|
|a 20221214d1964 k y0rusy50 ca
|
| 101 |
0 |
|
|a rus
|
| 102 |
|
|
|a RU
|
| 105 |
|
|
|a a z 001zy
|
| 200 |
1 |
|
|a Гидрогеология соляных месторождений и минеральные воды
|e сборник статей
|f под ред. П. С. Бобко ; Г. А. Васильева ; А. И. Дзенс-Литовского
|
| 210 |
|
|
|a Ленинград
|c Недра
|d 1964
|
| 215 |
|
|
|a 292 с.
|c ил.
|
| 225 |
1 |
|
|a Труды ВНИИГ
|v Вып. 66
|
| 320 |
|
|
|a Библиогр. в конце статей
|
| 606 |
1 |
|
|a Минеральные источники
|2 stltpush
|3 (RuTPU)RU\TPU\subj\44056
|9 63440
|
| 610 |
1 |
|
|a СССР
|
| 610 |
1 |
|
|a галогенные формации
|
| 610 |
1 |
|
|a воды
|
| 610 |
1 |
|
|a рассолы
|
| 610 |
1 |
|
|a формирование
|
| 610 |
1 |
|
|a выщелачивание
|
| 610 |
1 |
|
|a калийные соли
|
| 610 |
1 |
|
|a разработка
|
| 610 |
1 |
|
|a карст
|
| 610 |
1 |
|
|a суброзия
|
| 610 |
1 |
|
|a природные минеральные воды
|
| 610 |
1 |
|
|a сточные воды
|
| 675 |
|
|
|a 553.7
|v 3
|
| 702 |
|
1 |
|a Бобко
|b П. С.
|4 340
|
| 702 |
|
1 |
|a Васильев
|b Г. А.
|4 340
|
| 702 |
|
1 |
|a Дзенс-Литовский
|b А. И.
|4 340
|
| 801 |
|
1 |
|a RU
|b 63413507
|c 20150116
|
| 801 |
|
2 |
|a RU
|b 63413507
|c 20221214
|g RCR
|
| 942 |
|
|
|c BK
|